[Event "Badalona op-B 43rd"]
[Site "Badalona"]
[Date "2017.08.08"]
[Round "7"]
[White "Garcia Sanchez, Aitor"]
[Black "Ferres Saez, Joan"]
[Result "1/2-1/2"]
[WhiteElo "1863"]
[BlackElo "1773"]
[PlyCount "44"]
[EventDate "2017.08.02"]
[EventType "swiss"]
[EventRounds "9"]
[EventCountry "ESP"]
[SourceTitle "EXT 2019"]
[Source "ChessBase"]
[SourceDate "2018.10.10"]
[SourceVersion "1"]
[SourceVersionDate "2018.10.10"]
[SourceQuality "1"]

1. e4 c5 2. Ne2 g6 3. g3 Bg7 4. Bg2 Nc6 5. 0-0 Nf6 6. Nbc3 0-0 7. d3 d6 8. Bd2 Bd7 9. Qc1 Nd4 10. Nxd4 cxd4 11. Ne2 Qb6 12. b3 Rac8 13. a4 a5 14. Ra2 Ng4 15. h3 Ne5 16. f4 Nc6 17. Qe1 Nb4 18. Bxb4 Qxb4 19. Qxb4 axb4 20. e5 dxe5 21. Bxb7 Bxh3 22. Bxc8 Bxf1 1/2-1/2

[Event "Badalona op-B 43rd"]
[Site "Badalona"]
[Date "2017.08.07"]
[Round "6"]
[White "Varela Cuadrado, Cesar M"]
[Black "Garcia Sanchez, Aitor"]
[Result "1-0"]
[WhiteElo "1783"]
[BlackElo "1863"]
[PlyCount "61"]
[EventDate "2017.08.02"]
[EventType "swiss"]
[EventRounds "9"]
[EventCountry "ESP"]
[SourceTitle "EXT 2019"]
[Source "ChessBase"]
[SourceDate "2018.10.10"]
[SourceVersion "1"]
[SourceVersionDate "2018.10.10"]
[SourceQuality "1"]

1. e4 d6 2. d4 g6 3. Nc3 Bg7 4. Be3 Nc6 5. Qd2 Nf6 6. Be2 e5 7. d5 Ne7 8. 0-0-0 Ng4 9. Bxg4 Bxg4 10. f3 Bd7 11. g4 f5 12. gxf5 gxf5 13. f4 fxe4 14. fxe5 Bf5 15. e6 Ng6 16. Rf1 0-0 17. Nge2 Ne5 18. Rhg1 Qf6 19. b3 Ng4 20. Rxg4 Bxg4 21. Rxf6 Rxf6 22. Bd4 Bh6 23. Be3 Bg7 24. Ng3 Raf8 25. Ngxe4 Rf1+ 26. Kb2 Rd1 27. Qg2 Bf3 28. Qg3 Kh8 29. e7 Re8 30. Qxf3 Rxd5 31. Nf6 1-0

[Event "Badalona op-B 42nd"]
[Site "Badalona"]
[Date "2016.08.05"]
[Round "4"]
[White "Garcia Sanchez, Aitor"]
[Black "Petit Montes, Marc"]
[Result "0-1"]
[WhiteElo "1878"]
[BlackElo "1770"]
[PlyCount "168"]
[EventDate "2016.08.02"]
[EventType "swiss"]
[EventRounds "9"]
[EventCountry "ESP"]
[SourceTitle "CBM 174 Extra"]
[Source "ChessBase"]
[SourceDate "2016.10.10"]
[SourceVersion "1"]
[SourceVersionDate "2016.10.10"]
[SourceQuality "1"]

1. Nf3 d5 2. g3 Nf6 3. Bg2 Bf5 4. Nh4 Bg6 5. Nxg6 hxg6 6. c4 c6 7. Qb3 Qc7 8. cxd5 cxd5 9. Nc3 e6 10. d3 a6 11. Bf4 Qd7 12. Na4 Qb5 13. Qxb5+ axb5 14. Nb6 Ra6 15. Nxd5 Nxd5 16. Bxd5 exd5 17. Bxb8 Bb4+ 18. Kf1 Kd7 19. Be5 f6 20. Bd4 Rc8 21. Kg2 Rac6 22. h4 Rc2 23. h5 Rxe2 24. h6 gxh6 25. Rxh6 Bc5 26. Rc1 Bxd4 27. Rh7+ Ke6 28. Rxc8 Rxf2+ 29. Kh3 Rxb2 30. Rxb7 Be5 31. Rc5 d4 32. a4 Rb3 33. Rcxb5 Rxd3 34. Rb3 Rd1 35. Rb1 Rd2 36. a5 Ra2 37. R7b5 Bc7 38. Rc1 Be5 39. Kg4 Ra3 40. Rg1 Bc7 41. Rc1 Rxg3+ 42. Kh4 g5+ 43. Kh5 Be5 44. Ra1 d3 45. Ra2 Bf4 46. a6 d2 47. Ra1 Rc3 48. Rbb1 Rc8 49. a7 Ra8 50. Kg6 Be3 51. Rf1 Rxa7 52. Rad1 Bf4 53. Rf2 Ra2 54. Re2+ Kd5 55. Kxf6 Kd4 56. Rg2 Kd3 57. Rf1 Kc2 58. Kf5 Rb2 59. Rgg1 Bh2 60. Rh1 Bf4 61. Ke4 Rb3 62. Ra1 Re3+ 63. Kd4 Rd3+ 64. Kc4 d1Q 65. Ra2+ Kb1 66. Rxd1+ Rxd1 67. Rg2 Rd8 68. Kc3 Bc1 69. Rg1 Rc8+ 70. Kd3 Rc2 71. Ke4 Kb2 72. Kf3 Bf4 73. Kg4 Kc3 74. Ra1 Rg2+ 75. Kh3 Rg3+ 76. Kh2 Kd4 77. Kh1 Ke4 78. Rf1 Kf5 79. Ra1 Kg4 80. Ra8 Kf3 81. Ra3+ Be3 82. Kh2 Rg2+ 83. Kh1 Rc2 84. Ra1 Rc1+ 0-1

[Event "Badalona op-B 40th"]
[Site "Badalona"]
[Date "2014.08.09"]
[Round "8"]
[White "Garcia Sanchez, Aitor"]
[Black "Cardenas, Fernando Adrian"]
[Result "1/2-1/2"]
[WhiteElo "1967"]
[BlackElo "2060"]
[PlyCount "106"]
[EventDate "2014.08.02"]
[EventType "swiss"]
[EventRounds "9"]
[EventCountry "ESP"]
[SourceTitle "EXT 2015"]
[Source "ChessBase"]
[SourceDate "2014.11.20"]
[SourceVersion "1"]
[SourceVersionDate "2014.11.20"]
[SourceQuality "1"]

1. e4 c5 2. Nf3 Nc6 3. d4 cxd4 4. Nxd4 Nf6 5. Nc3 e5 6. Nxc6 bxc6 7. Bc4 Be7 8. 0-0 0-0 9. Qe2 Qb6 10. b3 Bb4 11. Na4 Qc7 12. Bb2 Re8 13. f4 d6 14. fxe5 dxe5 15. h3 Be6 16. Bxe6 Rxe6 17. Qc4 Rb8 18. Nc5 Qb6 19. Bd4 exd4 20. Nxe6 fxe6 21. Qxe6+ Kh8 22. Rxf6 d3+ 23. Kh1 Bc3 24. Rff1 Bxa1 25. Rxa1 dxc2 26. Qc4 Qf2 27. Rc1 Rd8 28. Rxc2 Rd1+ 29. Kh2 Qf4+ 30. g3 Qf3 31. Rg2 Qf6 32. Qa6 g6 33. Qc8+ Kg7 34. Qc7+ Kg8 35. Qb8+ Kf7 36. Qxa7+ Ke6 37. Rf2 Qa1 38. Qf7+ Kd6 39. Qf6+ Qxf6 40. Rxf6+ Ke5 41. Rxc6 Rd2+ 42. Kg1 Rxa2 43. Rc4 g5 44. b4 Rb2 45. Rc5+ Kxe4 46. Rxg5 Kf3 47. Rg4 h5 48. Rg5 Rxb4 49. Rxh5 Kxg3 50. Kf1 Rf4+ 51. Ke2 Re4+ 52. Kd3 Rh4 53. Rxh4 Kxh4 1/2-1/2

[Event "Badalona op-B 40th"]
[Site "Badalona"]
[Date "2014.08.07"]
[Round "6"]
[White "Martin Villanova, Jordi"]
[Black "Garcia Sanchez, Aitor"]
[Result "0-1"]
[WhiteElo "2062"]
[BlackElo "1967"]
[PlyCount "70"]
[EventDate "2014.08.02"]
[EventType "swiss"]
[EventRounds "9"]
[EventCountry "ESP"]
[SourceTitle "EXT 2015"]
[Source "ChessBase"]
[SourceDate "2014.11.20"]
[SourceVersion "1"]
[SourceVersionDate "2014.11.20"]
[SourceQuality "1"]

1. Nf3 c5 2. g3 g6 3. Bg2 Bg7 4. d4 cxd4 5. Nxd4 Nc6 6. c3 d5 7. 0-0 e6 8. Be3 Nge7 9. Qd2 0-0 10. Bh6 Nxd4 11. cxd4 Bxh6 12. Qxh6 Nf5 13. Qd2 Bd7 14. Nc3 Qb6 15. Rfd1 Rac8 16. Rac1 Rc4 17. e3 Rfc8 18. Bf1 R4c7 19. Bd3 Nd6 20. g4 Qa5 21. h4 Bb5 22. h5 Bxd3 23. Qxd3 Ne4 24. Nxe4 Rxc1 25. Nf6+ Kg7 26. g5 Qa6 27. Qd2 R1c2 28. h6+ Kh8 29. Qb4 Qe2 30. Rf1 Rc1 31. Rxc1 Rxc1+ 32. Kg2 Qf1+ 33. Kg3 Qg1+ 34. Kf4 Qxf2+ 35. Ke5 Qg3# 0-1